L'Europe centrale / (Record no. 845)

MARC details
000 -LEADER
campo de control de longitud fija 00624nas a2200229 i 4500
001 - NÚMERO DE CONTROL
campo de control 845
003 - IDENTIFICADOR DE NÚMERO DE CONTROL
campo de control ES-MaACL
005 - FECHA Y HORA DE LA ÚLTIMA TRANSACCIÓN
campo de control 20250718150754.0
007 - CAMPO FIJO DE DESCRIPCIÓN FÍSICA--INFORMACIÓN GENERAL
campo de control de longitud fija t|
008 - DATOS DE LONGITUD FIJA--INFORMACIÓN GENERAL
campo de control de longitud fija 950801d19261938xr | | 1 ||re d
022 ## - NÚMERO INTERNACIONAL NORMALIZADO PARA PUBLICACIONES SERIADAS
Número Internacional Normalizado para Publicaciones Seriadas 1211-5088
245 02 - MENCIÓN DEL TÍTULO
Título L'Europe centrale /
Mención de responsabilidad, etc. redacteur en chef G. Marot.
260 ## - PUBLICACIÓN, DISTRIBUCIÓN, ETC.
Lugar de publicación, distribución, etc. Prague :
Nombre del editor, distribuidor, etc. Imp. "Orbis",
Fecha de publicación, distribución, etc. 1926-1938.
300 ## - DESCRIPCIÓN FÍSICA
Extensión 12 v. :
Otras características físicas grab ;
Dimensiones 31 cm.
310 ## - PERIODICIDAD ACTUAL
Periodicidad actual Semanal
362 0# - FECHAS DE PUBLICACIÓN Y/O DESIGNACIÓN SECUENCIAL
Fecha de publicación y/o designación secuencial Año I (oct. 1926)- Año 13 (1938)
650 14 - PUNTO DE ACCESO ADICIONAL DE MATERIA--TÉRMINO DE MATERIA
Término de materia o nombre geográfico como elemento de entrada Periódicos
9 (RLIN) 15941
700 1# - ENTRADA AGREGADA--NOMBRE PERSONAL
Nombre de persona Marot, G,
Término indicativo de función/relación
9 (RLIN) 227532
852 ## - LOCALIZACIÓN
Ubicación ES-MaACL
Número de control de estantería Hem-303
866 #0 - MENCIÓN TEXTUAL DE FONDOS--UNIDAD BIBLIOGRÁFICA BÁSICA
Fondos 1926-35(1936-38).
Holdings
Estatus retirado Estado de pérdida Fuente del sistema de clasificación o colocación Estado de daño No para préstamo Colección Biblioteca de origen Biblioteca actual Ubicación en estantería Fecha de adquisición Total de préstamos Signatura topográfica completa Código de barras Visto por última vez Precio de reemplazo Tipo de ítem Koha
    Clasificación decimal universal     Periódicos y Revistas Biblioteca del Ateneo de Madrid Biblioteca del Ateneo de Madrid Depósito 1 17/01/2008   Hem-303 1000860 23/02/2023 23/02/2023 Revista